| 000 | 00806nam a2200229Ia 4500 | ||
|---|---|---|---|
| 999 |
_c36282 _d36282 |
||
| 001 | 2189 | ||
| 003 | GE_BSU | ||
| 005 | 20221021112527.0 | ||
| 008 | 181216s1998ru xx |||||||||||||| ||rus|| | ||
| 020 | _a5851780479 | ||
| 040 | _cGE_BSU | ||
| 041 | _arus | ||
| 080 | _a1Ф-56 | ||
| 245 |
_aФилософия= Philosophy : _bУчебник. для студ.вузов / _cПод ред.В.Н.Лавриненко, В.П.Ратникова. |
||
| 264 |
_aМосква : _bКультура и спорт, _c1998. |
||
| 300 |
_a584 стр.: _b19 см. |
||
| 653 | _aФилософия | ||
| 653 | _aფილოსოფია | ||
| 700 |
_aЛавриненко, В.Н. _eრედაქტორი _915415 |
||
| 700 |
_aРатникова, В.П. _eრედაქტორი _915416 |
||
| 942 |
_cBK _2udc |
||